| 000 | 00563nam a22001937a 4500 | ||
|---|---|---|---|
| 999 |
_c7765 _d7765 |
||
| 001 | 1561 | ||
| 003 | BD-DhUAP | ||
| 005 | 20210201111727.0 | ||
| 008 | 210201s1954 enk||||| |||| 00| 0 eng d | ||
| 040 |
_aBD-DhUAP _bEng _cBD-DhUAP _dBD-DhUAP |
||
| 082 |
_223 _a821.8 BRO |
||
| 245 |
_aBrowning / _cselected by W. E. Williams. |
||
| 260 |
_aLondon : _bPenguin Books, _c1954. |
||
| 300 |
_a345 pages ; _c19 cm. |
||
| 500 | _aIncludes index. | ||
| 600 |
_aBrowning, Robert, _d1812-1889 _qCriticism and interpretation. |
||
| 700 | _aWilliams, W. E. | ||
| 942 |
_2ddc _cBK |
||